Wyrd Sisters / (Record no. 3992)

MARC details
000 -LEADER
fixed length control field 01458nam a22002657a 4500
001 - CONTROL NUMBER
control field 3992
003 - CONTROL NUMBER IDENTIFIER
control field FISKH
005 - DATE AND TIME OF LATEST TRANSACTION
control field 20240529125831.0
008 - FIXED-LENGTH DATA ELEMENTS--GENERAL INFORMATION
fixed length control field 240529b cb ||||| |||| 00| 0 eng d
020 ## - INTERNATIONAL STANDARD BOOK NUMBER
International Standard Book Number 9780062225733
040 ## - CATALOGING SOURCE
Original cataloging agency FISKH
Language of cataloging eng
Transcribing agency FISKH
Modifying agency FISKH
050 ## - LIBRARY OF CONGRESS CALL NUMBER
Classification number PR6066.R34
082 ## - DEWEY DECIMAL CLASSIFICATION NUMBER
Classification number 823.914
100 ## - MAIN ENTRY--PERSONAL NAME
Personal name Pratchett Terry
Dates associated with a name 1948-2015
245 ## - TITLE STATEMENT
Title Wyrd Sisters /
Statement of responsibility, etc. Terry Pratchett
260 ## - PUBLICATION, DISTRIBUTION, ETC.
Place of publication, distribution, etc. New York :
Name of publisher, distributor, etc. Harper,
Date of publication, distribution, etc. 2013
300 ## - PHYSICAL DESCRIPTION
Extent 360 pages :
Dimensions 20 cm
505 ## - FORMATTED CONTENTS NOTE
Formatted contents note M<br/>
520 ## - SUMMARY, ETC.
Summary, etc. Terry Pratchett's fantasy classic Wyrd Sisters, a novel in the Discworld series, is the story of Granny Weatherwax, the most highly regarded non-leader a coven of non-social witches could ever have. Generally, these loners don't get involved in anything, much less royal intrigue. But then there are those times they can't help it. As Granny Weatherwax is about to discover, though, it's a lot harder to stir up trouble in the castle than some theatrical types would have you think. Even when you've got a few unexpected spells up your sleeve. Granny Weatherwax teams with two other witches - Nanny Ogg and Margat Garlick - as an unlikely alliance to save a prince and restore him to the throne of Lancre, in a tale that borrows - or is it parodies - some of William Shakespeare's best-loved works.<br/>
521 8# - TARGET AUDIENCE NOTE
Target audience note 700<br/>
Source Lexile<br/>
521 8# - TARGET AUDIENCE NOTE
Target audience note M<br/>
Source Raz-Plus<br/>
700 ## - ADDED ENTRY--PERSONAL NAME
Personal name Terry Pratchett
942 ## - ADDED ENTRY ELEMENTS (KOHA)
Source of classification or shelving scheme Dewey Decimal Classification
Koha item type Books
Suppress in OPAC No
Holdings
Withdrawn status Lost status Source of classification or shelving scheme Damaged status Not for loan Collection Home library Current library Shelving location Date acquired Total Checkouts Full call number Barcode Date last seen Copy number Price effective from Koha item type
    Dewey Decimal Classification     Fiction Footprints International School Library Network Toul Kork Campus Footprints International School Library Network Toul Kork Campus   05/29/2024   PRA PR6066.R34 823.914 2024-0746 05/29/2024 1 05/29/2024 Books